Normal view
MARC view
- تاليف أونيل، و.م ؛ ترجمة عبد الحميد،شاكر؛ مراجعة العاني، عاهد حسني
Entry Personal Name
001 - CONTROL NUMBER
- control field: 34994
003 - CONTROL NUMBER IDENTIFIER
- control field: JO-AjAnu
005 - DATE AND TIME OF LATEST TRANSACTION
- control field: 20230606075845.0
008 - FIXED-LENGTH DATA ELEMENTS
- fixed length control field: 230606|| aca||aabn | a|a d
040 ## - CATALOGING SOURCE
- Original cataloging agency: JO-AjAnu
- Transcribing agency: JO-AjAnu
100 ## - HEADING--PERSONAL NAME
- Personal name: تاليف أونيل، و.م ؛ ترجمة عبد الحميد،شاكر؛ مراجعة العاني، عاهد حسني
670 ## - SOURCE DATA FOUND
- Source citation: Work cat.: (JO-AjAnu)17971: تاليف أونيل، و.م ؛ ترجمة عبد الحميد،شاكر؛ مراجعة العاني، عاهد حسني , author, بدايات علم النفس الحديث